MARC details
| 000 -LEADER |
| fixed length control field |
01065nam a22002897a 4500 |
| 003 - CONTROL NUMBER IDENTIFIER |
| control field |
OSt |
| 005 - DATE AND TIME OF LATEST TRANSACTION |
| control field |
20250210012534.0 |
| 008 - FIXED-LENGTH DATA ELEMENTS--GENERAL INFORMATION |
| fixed length control field |
250120t2007 |||||||| |||| 00| | eng d |
| 020 ## - INTERNATIONAL STANDARD BOOK NUMBER |
| International Standard Book Number |
978-971-691-718-5 |
| 040 ## - CATALOGING SOURCE |
| Transcribing agency |
JMCFI - Learning Resource Center |
| 050 ## - LIBRARY OF CONGRESS CALL NUMBER |
| Classification number |
KPM 18 .A2 .S87 2007 Vol.528 |
| 082 ## - DEWEY DECIMAL CLASSIFICATION NUMBER |
| Classification number |
Fil./JDLL 349.914 Su959 2007 V528 |
| 245 ## - TITLE STATEMENT |
| Title |
Supreme Court reports annotated / |
| Statement of responsibility, etc. |
compiled, annotated and edited by the Editorial Staff of the Central Book Supply, Inc. |
| 260 ## - PUBLICATION, DISTRIBUTION, ETC. |
| Place of publication, distribution, etc. |
Manila : |
| Name of publisher, distributor, etc. |
Central Book Supply, Inc., |
| Date of publication, distribution, etc. |
2007. |
| 300 ## - PHYSICAL DESCRIPTION |
| Extent |
volume 528, xv, 833 pages ; |
| Dimensions |
23 cm |
| 650 ## - SUBJECT ADDED ENTRY--TOPICAL TERM |
| Topical term or geographic name entry element |
Law reports, digests, etc. |
| 9 (RLIN) |
9041 |
| 650 ## - SUBJECT ADDED ENTRY--TOPICAL TERM |
| Topical term or geographic name entry element |
Philippines. Supreme Court reports. |
| 9 (RLIN) |
8708 |
| 650 ## - SUBJECT ADDED ENTRY--TOPICAL TERM |
| Topical term or geographic name entry element |
SCRA. |
| 9 (RLIN) |
8835 |
| 650 ## - SUBJECT ADDED ENTRY--TOPICAL TERM |
| Topical term or geographic name entry element |
Jurisprudence. |
| 9 (RLIN) |
7993 |
| 650 ## - SUBJECT ADDED ENTRY--TOPICAL TERM |
| Topical term or geographic name entry element |
“Buy-bust” operations. |
| 9 (RLIN) |
10458 |
| 650 ## - SUBJECT ADDED ENTRY--TOPICAL TERM |
| Topical term or geographic name entry element |
Accused |
| General subdivision |
Constitutional rights. |
| 9 (RLIN) |
8311 |
| 650 ## - SUBJECT ADDED ENTRY--TOPICAL TERM |
| Topical term or geographic name entry element |
Warrant of arrest. |
| 9 (RLIN) |
8277 |
| 650 ## - SUBJECT ADDED ENTRY--TOPICAL TERM |
| Topical term or geographic name entry element |
Search and seizure warrant. |
| 9 (RLIN) |
10459 |
| 650 ## - SUBJECT ADDED ENTRY--TOPICAL TERM |
| Topical term or geographic name entry element |
Defense of Frame-up. |
| 9 (RLIN) |
10460 |
| 710 ## - ADDED ENTRY--CORPORATE NAME |
| Corporate name or jurisdiction name as entry element |
Central Book Supply, Inc. |
| 9 (RLIN) |
9361 |
| 942 ## - ADDED ENTRY ELEMENTS (KOHA) |
| Source of classification or shelving scheme |
Library of Congress Classification |
| Koha item type |
Books |
| Suppress in OPAC |
No |